Estatísticas para Os 15 principais países com mortes por Covid19 - 15 de setembro 2021

Clique aqui para jogar o quiz

Estatísticas Gerais

  • Esse quiz foi jogado 10 vezes
  • A pontuação média é 14 de 25

Estatísticas das Respostas

país% Correto
Estados Unidos
100%
Brasil
90%
Espanha
90%
França
90%
Itália
90%
Alemanha
80%
Argentina
80%
Índia
80%
México
80%
Reino Unido
80%
Rússia
80%
Peru
70%
Colômbia
60%
Irão
60%
Indonésia
50%
Bélgica
30%
Paraguai
30%
Bulgária
20%
Chéquia
20%
Eslováquia
20%
Eslovénia
20%
Hungria
20%
Bósnia e Herzegovina
10%
Geórgia
10%
Macedónia do Norte
10%

Distribuição das Pontuações

Percentil de Números Respondidos

Porcentagem de Pessoas com Cada Pontuação

Sua Pontuação Histórica

Você não jogou esse quiz